L'alphabet à l'envers en 25 secondes. - Statistiques

Statistiques générales
  • Ce quiz a été pris 156 fois
  • Le résultat moyen est 18 sur 26
Statistiques - réponses
Lettre % Correct
Z
99%
Y
97%
X
94%
W
91%
V
90%
U
87%
T
86%
S
85%
R
84%
Q
80%
P
78%
O
72%
N
70%
M
67%
L
66%
K
62%
J
59%
I
58%
H
51%
G
47%
E
42%
F
42%
D
41%
C
37%
A
35%
B
35%
Aucun quiz correspondant
Distribution des résultats
% des personnes avec chaque résultat
Percentile par nombre de réponses
Votre historique - résultats
Vous n’avez pas pris ce quiz